[Event "34th Chess Olympiad (men)"]
[Site "Istanbul"]
[Date "2000.11.06"]
[Round "9.56.4"]
[White "Manzanilla, Ernesto"]
[Black "Mundle, Kurt"]
[WhiteElo "2155"]
[BlackElo "2000"]
[WhiteCountry "GCI"]
[BlackCountry "LIE"]
[Result "1-0"]

1. e4 e6 2. d4 d5 3. e5 c5 4. c3 Nc6 5. Nf3 Qb6 6. Bd3 cxd4 7. cxd4 Be7 
8. O-O Bd7 9. Nc3 f6 10. Re1 fxe5 11. Nxe5 Nxe5 12. Rxe5 Nf6 13. Bg5 O-O-O 
14. Rc1 Kb8 15. Re2 h6 16. Bf4+ Ka8 17. Na4 Bxa4 18. Qxa4 Rc8 19. Rec2 Rxc2 
20. Qxc2 a6 21. h3 Bd6 22. Bxd6 Qxd6 23. Qc7 Qd7 24. Bg6 Rd8 25. Bf7 Qxc7 
26. Rxc7 Rd6 27. Re7 Rb6 28. b3 Rb4 29. Bxe6 g5 30. Rf7 Ne4 31. Bxd5 Nc3 
32. a3 Rxd4 33. Bxb7+ Kb8 34. Bxa6 Rd6 35. Bc4 Ne4 36. a4 Rd1+ 37. Kh2 Rd2 
38. f3 Nd6 39. Rf6 h5 40. Rg6 Nf5 41. Rxg5 Nh4 42. Kg1 Rd1+ 43. Bf1 Rb1 
44. Rxh5 Ng6 45. g3 Ne7 46. Rg5 Nc6 47. Rd5 Kc7 48. h4 Rxb3 49. Rc5 Kd6 
50. Rxc6+ Kxc6 51. Bb5+ Kd6 52. Kg2 Ke7 53. g4 Kf6 54. Kg3 Kg7 55. g5 Rb1 
56. Kg4 Rb4+ 57. f4 Kg6 58. h5+ Kg7 59. Kf5 Rd4 60. Ke5 Rd1 61. h6+ Kh7 
62. Kf6 Rd6+ 63. Kf7 Kh8 64. g6 Rd7+ 65. Kf8 Rd8+ 66. Be8 Rd7 67. g7+ 
1-0

[Event "34th Chess Olympiad (men)"]
[Site "Istanbul"]
[Date "2000.11.06"]
[Round "9.57.1"]
[White "Dos Ramos, Carlos"]
[Black "Carrera, Alhan"]
[WhiteElo "2000"]
[BlackElo "2135"]
[WhiteCountry "SUR"]
[BlackCountry "PAN"]
[Result "1-0"]

1. Nf3 d5 2. g3 Nc6 3. Bg2 e5 4. d3 Nf6 5. O-O Be7 6. Nbd2 O-O 7. e4 Bg4 
8. h3 Bh5 9. Re1 dxe4 10. Nxe4 Nxe4 11. dxe4 Qxd1 12. Rxd1 Bxf3 13. Bxf3 Nd4 
14. Bg2 Nxc2 15. Rb1 Rad8 16. Bd2 Nd4 17. Kf1 c5 18. Rbc1 b5 19. Be3 c4 
20. f4 f6 21. f5 Bc5 22. Kf2 a5 23. Bf1 Rb8 24. Rd2 Bb4 25. Rdd1 Rfd8 
26. a4 Nb3 27. axb5 Nxc1 28. Bxc4+ Kh8 29. Rxc1 Bd2 30. Ra1 Bb4 31. Ke2 Rdc8 
32. b3 Rd8 33. Rd1 Rxd1 34. Kxd1 Bc3 35. Kc2 Bd4 36. Bxd4 exd4 37. Kd3 Rd8 
38. Bd5 Rb8 39. Bc6 Rd8 40. Bd5 Rb8 41. Bc6 Rd8 42. b6 Kg8 43. Bd5+ Kf8 
44. Kxd4 Ke7 45. Kc5 Rc8+ 46. Bc6 g6 47. b7 Rb8 48. g4 g5 49. Kb6 Kd6 
50. Bd5 Rh8 51. Be6 Rb8 52. Bc8 h6 53. Kxa5 Ke5 54. Kb6 Kxe4 55. Kc7 Rxb7+ 
56. Bxb7+ Kf4 57. Bg2 Kg3 58. Bf1 Kf2 59. b4 Kxf1 60. b5 Kg2 61. b6 Kxh3 
62. Kd6 Kxg4 63. Ke6 h5 64. b7 h4 65. b8=Q h3 66. Qh2 Kh4 67. Qf2+ Kh5 
68. Qg3 g4 69. Kxf6 
1-0

[Event "34th Chess Olympiad (men)"]
[Site "Istanbul"]
[Date "2000.11.06"]
[Round "9.57.2"]
[White "Cedeno, Ahmed"]
[Black "Siban, Michael"]
[WhiteElo "2095"]
[BlackElo "2000"]
[WhiteCountry "PAN"]
[BlackCountry "SUR"]
[Result "0-1"]

1. e4 e5 2. Nf3 d6 3. d4 Nd7 4. c3 Be7 5. Bd3 Ngf6 6. O-O O-O 7. h3 c6 
8. Be3 Qc7 9. Nbd2 Re8 10. dxe5 dxe5 11. Rc1 Nf8 12. Bb1 Ng6 13. Re1 h6 
14. Nf1 Nh5 15. Nh4 Nhf4 16. Nxg6 Nxg6 17. Qf3 Be6 18. Ng3 Rad8 19. Nf5 Bf8 
20. g3 Rd7 21. h4 Red8 22. Qg4 Kh7 23. Qf3 Ne7 24. h5 Kh8 25. c4 Bxf5 
26. exf5 f6 27. Kg2 Nc8 28. Rh1 Bb4 29. g4 Bd2 30. b3 Bxc1 31. Bxc1 Nd6 
32. g5 fxg5 33. Qg4 Ne8 34. Bxg5 Nf6 35. Qh4 Rd4 36. Bxf6 Rxh4 37. Bxh4 Rd2 
38. Rh3 Rd4 39. Bg3 Qe7 40. Rh1 Qg5 41. Re1 Qxh5 42. Rxe5 Rd1 43. Bh2 Rxb1 
44. f6 Qg6+ 45. Bg3 Qxf6 
0-1

[Event "34th Chess Olympiad (men)"]
[Site "Istanbul"]
[Date "2000.11.06"]
[Round "9.57.3"]
[White "Matoewi, Roger"]
[Black "Gardellini, Arnulfo"]
[WhiteElo "2000"]
[BlackElo "2000"]
[WhiteCountry "SUR"]
[BlackCountry "PAN"]
[Result "1-0"]

1. e4 c5 2. Nf3 d6 3. d4 cxd4 4. Nxd4 Nf6 5. Nc3 g6 6. f3 Bg7 7. Be3 Nc6 
8. Qd2 O-O 9. O-O-O d5 10. Nxc6 bxc6 11. exd5 cxd5 12. Nxd5 Nxd5 13. Qxd5 Qxd5 
14. Rxd5 Be6 15. Rc5 Bxa2 16. Bc4 Bxc4 17. Rxc4 Rfd8 18. Re1 Rd5 19. c3 Ra5 
20. Kc2 Rb8 21. Rc7 Ra2 22. Bc1 Bf6 23. Rd1 Bg5 24. Kb1 Ra5 25. Bxg5 Rxg5 
26. Rd2 Rgb5 27. Rxa7 e6 28. b4 Rc8 29. Kb2 Kg7 30. Rdd7 Rf5 31. Kb3 Rf4 
32. Rac7 Ra8 33. Ra7 Rc8 34. Rdc7 Rd8 35. b5 Rd1 36. Ra2 Rf5 37. c4 Re5 
38. Rb2 Rd3+ 39. Kb4 Rd4 40. b6 
1-0

[Event "34th Chess Olympiad (men)"]
[Site "Istanbul"]
[Date "2000.11.06"]
[Round "9.57.4"]
[White "Carrillo, Jose"]
[Black "Gajadin, Dew"]
[WhiteElo "2000"]
[BlackElo "2202"]
[WhiteCountry "PAN"]
[BlackCountry "SUR"]
[Result "0-1"]

1. e4 e5 2. Nf3 Nc6 3. d4 exd4 4. Nxd4 Bc5 5. Nb3 Bb6 6. Bd3 d6 7. O-O Be6 
8. Nc3 Nge7 9. Qe2 Ne5 10. h3 O-O 11. Be3 c6 12. Na4 Bxe3 13. Qxe3 Nxd3 
14. cxd3 Bxb3 15. axb3 f5 16. Nc3 f4 17. Qd4 a6 18. Ne2 f3 19. Ng3 Qd7 
20. e5 Nd5 21. Nh5 dxe5 22. Qxe5 Rf5 23. Qxg7+ Qxg7 24. Nxg7 Kxg7 25. g4 Re5 
26. Rfe1 Rae8 27. Kf1 Nf4 28. d4 Rxe1+ 29. Rxe1 Rxe1+ 30. Kxe1 Nxh3 
0-1

[Event "34th Chess Olympiad (men)"]
[Site "Istanbul"]
[Date "2000.11.06"]
[Round "9.58.1"]
[White "Li Ying, Denis"]
[Black "Yung, Lau"]
[WhiteElo "2090"]
[BlackElo "2130"]
[WhiteCountry "MRI"]
[BlackCountry "HKG"]
[Result "1/2-1/2"]

1. d4 Nf6 2. c4 d6 3. Nc3 g6 4. e4 Bg7 5. f3 c6 6. Be3 a6 7. Nge2 b5 
8. Nc1 Nbd7 9. Qd2 O-O 10. Nb3 bxc4 11. Bxc4 d5 12. Be2 e5 13. O-O Re8 
14. dxe5 Nxe5 15. Rfd1 Be6 16. Nc5 a5 17. Qc2 Qe7 18. Rac1 dxe4 19. N3xe4 Bf5 
20. Qa4 Neg4 21. Bg5 Bxe4 22. Nxe4 Qa7+ 23. Qd4 Qxd4+ 24. Rxd4 Nxe4 
25. Rxe4 Rxe4 26. fxe4 Bd4+ 27. Kf1 Nxh2+ 28. Ke1 h5 29. Rxc6 Bxb2 30. Bc4 Kg7 
31. Rc7 Rf8 32. Bf4 Ng4 33. Bd6 Re8 34. Rxf7+ Kh6 35. Bd5 Be5 36. Bc5 g5 
37. Bf8+ Kg6 38. Bc5 Nf6 39. Rf8 Rxf8 40. Bxf8 Nxd5 41. exd5 Kf7 42. Bc5 Bc3+ 
43. Ke2 Kf6 44. Kd3 Be1 45. Ke4 Bg3 46. Bd4+ Ke7 47. Be5 Bxe5 48. Kxe5 g4 
49. Kf5 Kd6 50. Kg5 Kxd5 51. Kxh5 g3 52. Kg4 Kc4 53. Kxg3 Kc3 54. Kf3 a4 
55. g4 a3 56. g5 Kb2 57. g6 Kxa2 58. g7 Kb2 59. g8=Q a2 60. Qg7+ Kb1 
61. Qg1+ Kb2 62. Qd4+ Kb1 63. Qb4+ Ka1 
1/2-1/2

[Event "34th Chess Olympiad (men)"]
[Site "Istanbul"]
[Date "2000.11.06"]
[Round "9.58.2"]
[White "Schepel, Kaarlo"]
[Black "Chinasamy, Devarajen"]
[WhiteElo "2175"]
[BlackElo "2020"]
[WhiteCountry "HKG"]
[BlackCountry "MRI"]
[Result "1-0"]

1. e4 c6 2. d4 d5 3. e5 Bf5 4. h4 h5 5. Be2 e6 6. Bxh5 c5 7. g4 Be4 8. f3 g6 
9. fxe4 gxh5 10. g5 cxd4 11. exd5 Qxd5 12. Nf3 Nc6 13. O-O Bc5 14. Bf4 Nge7 
15. Re1 Nf5 16. Kh2 Nce7 17. Nbd2 Ng6 18. Ne4 Be7 19. Bg3 O-O-O 20. Qd3 Nxg3 
21. Nxg3 Bc5 22. Re4 Rd7 23. a3 Bb6 24. Rd1 Kb8 25. Rd2 a6 26. b4 Ka8 
27. Ne2 Bc7 28. Qxd4 Rhd8 29. Qe3 Qc6 30. Rxd7 Rxd7 31. c4 Rd1 32. Nc3 Kb8 
33. a4 Ra1 34. Rd4 Ka8 35. b5 Bxe5+ 36. Qxe5 Nxe5 37. Rd8+ Ka7 38. bxc6 Nxf3+ 
39. Kg3 bxc6 40. Kxf3 Ra3 41. Rd3 Kb7 42. c5 Ra1 43. Kf4 Rh1 44. Ke5 Rxh4 
45. Rd7+ Kc8 46. Rxf7 Rg4 47. Ne4 Kd8 48. Rh7 h4 49. Kd6 
1-0

[Event "34th Chess Olympiad (men)"]
[Site "Istanbul"]
[Date "2000.11.06"]
[Round "9.58.3"]
[White "Seegolam, Pradeep"]
[Black "Chau, Sau Ming"]
[WhiteElo "2000"]
[BlackElo "2000"]
[WhiteCountry "MRI"]
[BlackCountry "HKG"]
[Result "0-1"]

1. e4 e6 2. d4 d5 3. exd5 exd5 4. Bd3 Bd6 5. Ne2 Ne7 6. O-O O-O 7. Ng3 Nd7 
8. Nd2 Nf6 9. Nf3 h6 10. h3 Bxg3 11. fxg3 Ne4 12. Bxe4 dxe4 13. Nh2 Nf5 
14. g4 Qxd4+ 15. Qxd4 Nxd4 16. c3 Nc2 17. Rb1 e3 18. Rf4 e2 19. Bd2 Rd8 
20. Nf3 Rxd2 21. Nxd2 e1=Q+ 22. Rxe1 Nxe1 23. Re4 Nd3 24. Re8+ Kh7 25. b4 b6 
26. a3 Nf4 27. Re7 Be6 28. Rxc7 Rc8 29. Rxa7 Rxc3 30. Ne4 Rc2 31. Nf2 Bd5 
32. g3 Ne2+ 33. Kh2 Nd4 34. Kg1 Rc1+ 35. Kh2 Rf1 
0-1

[Event "34th Chess Olympiad (men)"]
[Site "Istanbul"]
[Date "2000.11.06"]
[Round "9.58.4"]
[White "Chong, Chor"]
[Black "Mansoor, Jamil"]
[WhiteElo "2000"]
[BlackElo "2205"]
[WhiteCountry "HKG"]
[BlackCountry "MRI"]
[Result "1-0"]

1. d4 d5 2. c4 e6 3. Nf3 Nf6 4. Nc3 Be7 5. Bg5 O-O 6. e3 a6 7. a4 Nc6 
8. a5 dxc4 9. Bxc4 Nd5 10. Bxe7 Ncxe7 11. O-O Nxc3 12. bxc3 c5 13. Ne5 f6 
14. Nd3 cxd4 15. cxd4 Nc6 16. Nc5 Re8 17. Qh5 g6 18. Qh6 Nxa5 19. Bd3 f5 
20. h4 b6 21. Na4 Nb7 22. Rfc1 b5 23. Nc5 Nd6 24. Qf4 Qb6 25. Bc2 Qd8 
26. Bb3 Kf7 27. Qe5 Ra7 28. d5 Nc4 29. Rxc4 bxc4 30. dxe6+ Bxe6 31. Nxe6 Rxe6 
32. Bxc4 Qe8 33. Rb1 Rae7 34. Rb8 
1-0

[Event "34th Chess Olympiad (men)"]
[Site "Istanbul"]
[Date "2000.11.06"]
[Round "9.59.1"]
[White "Leicher, Helmuth"]
[Black "Andolo, Humphrey"]
[WhiteElo "2000"]
[BlackElo "2146"]
[WhiteCountry "NAM"]
[BlackCountry "KEN"]
[Result "0-1"]

1. e4 c5 2. Nf3 d6 3. d4 cxd4 4. Nxd4 Nf6 5. Nc3 a6 6. Be3 Ng4 7. Qd2 Nxe3 
8. Qxe3 g6 9. O-O-O Bg7 10. Kb1 Qc7 11. Nd5 Qd8 12. Nb3 Nd7 13. f4 O-O 
14. h4 Nf6 15. Nxf6+ Bxf6 16. e5 Bg7 17. exd6 exd6 18. Bd3 Bg4 19. Rc1 Qf6 
20. c3 b5 21. Nd4 b4 22. h5 bxc3 23. hxg6 Qxd4 24. gxf7+ Rxf7 25. Bxh7+ Kf8 
26. Qe2 Re7 
0-1

[Event "34th Chess Olympiad (men)"]
[Site "Istanbul"]
[Date "2000.11.06"]
[Round "9.59.2"]
[White "Kanyingi, Joseph"]
[Black "Nakapunda, Otto"]
[WhiteElo "2200"]
[BlackElo "2157"]
[WhiteCountry "KEN"]
[BlackCountry "NAM"]
[Result "1-0"]

1. d4 d5 2. c4 c6 3. Nf3 Nf6 4. Nc3 dxc4 5. a4 Bf5 6. Ne5 e6 7. Nxc4 Be7 
8. g3 Nbd7 9. Bg2 O-O 10. O-O h6 11. a5 Nd5 12. a6 b6 13. e4 Nxc3 14. bxc3 Bh7 
15. e5 Rc8 16. Ba3 Bxa3 17. Rxa3 Rc7 18. Nd6 Qe7 19. c4 f6 20. f4 fxe5 
21. fxe5 Rxf1+ 22. Qxf1 Bg6 23. Bh3 c5 24. Nb5 cxd4 25. Bxe6+ Qxe6 
26. Nxc7 Qxe5 27. Nd5 d3 28. Qf2 Qg5 29. Ra1 Nc5 30. Qe3 Qg4 31. Ne7+ Kh7 
32. Nxg6 Qxg6 33. Qf4 Qe6 34. Rd1 Qe2 35. Rd2 Qe1+ 36. Kg2 Qe6 37. h4 Qc6+ 
38. Kh2 Qe6 39. Qd4 Qg6 40. Rf2 Qe8 41. Qd5 h5 42. Qg5 Kg8 43. Qf5 Ne4 
44. Qd5+ Kh8 45. Rf5 Nf6 46. Qxd3 Qe1 47. Rf1 Ng4+ 48. Kg1 Qe7 49. Qf3 Qc5+ 
50. Kh1 Nf6 51. Qa8+ Kh7 52. Rxf6 gxf6 53. Qxa7+ Kg6 54. Qb7 Qf2 55. a7 
1-0

[Event "34th Chess Olympiad (men)"]
[Site "Istanbul"]
[Date "2000.11.06"]
[Round "9.59.3"]
[White "Richter, Hannes"]
[Black "Magana, Ben"]
[WhiteElo "2000"]
[BlackElo "2000"]
[WhiteCountry "NAM"]
[BlackCountry "KEN"]
[Result "1/2-1/2"]

1. c4 e6 2. d4 d5 3. Nc3 Nf6 4. Bg5 c6 5. e3 Nbd7 6. Bd3 Qa5 7. Bxf6 Nxf6 
8. Nge2 dxc4 9. Bxc4 Bd6 10. O-O Qc7 11. h3 O-O 12. Rc1 a6 13. Bb3 Qe7 
14. e4 e5 15. d5 cxd5 16. Nxd5 Nxd5 17. Bxd5 Rd8 18. Qb3 Rb8 19. Rc3 Bd7 
20. Rfc1 b5 21. Rf3 Be8 22. Ng3 g6 23. Rfc3 Bd7 24. Rf3 Be8 25. Rfc3 Bd7 
26. Rf3 
1/2-1/2

[Event "34th Chess Olympiad (men)"]
[Site "Istanbul"]
[Date "2000.11.06"]
[Round "9.59.4"]
[White "Mukabi, John"]
[Black "Hanemaaijer, Teunis"]
[WhiteElo "2100"]
[BlackElo "2000"]
[WhiteCountry "KEN"]
[BlackCountry "NAM"]
[Result "1-0"]

1. e4 e5 2. Nf3 Nc6 3. Bb5 d6 4. d4 exd4 5. Nxd4 Bd7 6. Nc3 Be7 7. Nd5 Nxd4 
8. Bxd7+ Qxd7 9. Qxd4 Bf6 10. Nxf6+ Nxf6 11. Bg5 Qe6 12. O-O Qe5 13. Bxf6 gxf6 
14. Qa4+ b5 15. Qb3 a6 16. f4 Qd4+ 17. Kh1 O-O 18. Rae1 Kh8 19. Rf3 Rae8 
20. Rfe3 Re7 21. c3 Qc4 22. Qa3 Rfe8 23. Qxa6 Rxe4 24. Rxe4 
1-0

[Event "34th Chess Olympiad (men)"]
[Site "Istanbul"]
[Date "2000.11.06"]
[Round "9.60.1"]
[White "Hawes, Jonathan"]
[Black "Constance, Ryan"]
[WhiteElo "2113"]
[BlackElo "2000"]
[WhiteCountry "JCI"]
[BlackCountry "SEY"]
[Result "1-0"]

1. d4 d5 2. c4 e6 3. Nc3 Nf6 4. cxd5 Nxd5 5. e4 Nxc3 6. bxc3 Be7 7. Nf3 h6 
8. Be2 c6 9. Bb2 b6 10. O-O O-O 11. c4 Bb7 12. Qc2 Na6 13. Rad1 Nc7 14. Ne5 Qe8 
15. f4 Rd8 16. Bf3 Rd6 17. Kh1 c5 18. dxc5 bxc5 19. Rxd6 Bxd6 20. Rd1 Qe7 
21. Qa4 a6 22. Nc6 Bxc6 23. Qxc6 Bxf4 24. g3 Rd8 25. Rxd8+ Qxd8 26. gxf4 Qd3 
27. Kg2 Qd2+ 28. Kh3 Qxb2 29. Qxc7 Qxa2 30. Qc8+ Kh7 31. Qxc5 a5 32. e5 a4 
33. Be4+ g6 34. Qf8 Qb3+ 35. Kh4 Qxc4 36. Qxf7+ Kh8 37. Qxg6 Qc7 38. Qxh6+ Kg8 
39. Qxe6+ Kf8 40. Qd6+ Qe7+ 41. Qxe7+ Kxe7 42. Bd5 a3 43. f5 Kd7 44. Kg5 
1-0

[Event "34th Chess Olympiad (men)"]
[Site "Istanbul"]
[Date "2000.11.06"]
[Round "9.60.2"]
[White "Renaud, Kenny"]
[Black "Khan, Mohammed"]
[WhiteElo "2000"]
[BlackElo "2197"]
[WhiteCountry "SEY"]
[BlackCountry "JCI"]
[Result "1-0"]

1. d4 Nf6 2. c4 g6 3. Nc3 Bg7 4. Nf3 O-O 5. e3 d5 6. Be2 dxc4 7. Bxc4 c5 
8. O-O Nc6 9. Re1 Na5 10. Bf1 Nd5 11. e4 Nxc3 12. bxc3 Bg4 13. Bb2 cxd4 
14. cxd4 Nc6 15. e5 Bxf3 16. gxf3 Qb6 17. Rb1 Rfd8 18. d5 Qc5 19. e6 Rxd5 
20. exf7+ Kxf7 21. Qe2 e5 22. Qe4 Rd7 23. Rec1 Qe7 24. Bb5 Rc8 25. Bxc6 Rxc6 
26. Rxc6 bxc6 27. Qxc6 Bh6 28. Bxe5 Qe6 29. Qxe6+ Kxe6 30. Re1 Kf5 31. Re4 Re7 
32. Bb8 Rxe4 33. fxe4+ Kxe4 34. Bxa7 Kf3 35. a4 Bd2 36. Bb6 Ke4 37. a5 Kd5 
38. a6 Kc6 39. a7 Kb7 40. Kg2 Bc3 41. Kf3 Be5 42. h3 g5 43. Kg4 h6 44. Kh5 Bg7 
45. Bc5 Ka8 46. Kg6 Be5 47. Kxh6 Bf6 48. Kg6 Bd8 49. Kf5 Kb7 50. f4 gxf4 
51. Kxf4 Bf6 52. Kg4 Ka8 53. Be3 Kb7 54. Bg5 Bg7 55. h4 Kxa7 56. h5 Kb7 
57. Kf5 Kc6 58. Kg6 Bd4 59. h6 Kd7 60. Bf6 Ke6 61. Bxd4 Kd5 
1-0

[Event "34th Chess Olympiad (men)"]
[Site "Istanbul"]
[Date "2000.11.06"]
[Round "9.60.3"]
[White "Boxal, Graham"]
[Black "Kimende, Ralph"]
[WhiteElo "2000"]
[BlackElo "2202"]
[WhiteCountry "JCI"]
[BlackCountry "SEY"]
[Result "1/2-1/2"]

1. d4 Nf6 2. Bg5 g6 3. Bxf6 exf6 4. e3 Bg7 5. Nf3 O-O 6. Bd3 f5 7. c3 b6 
8. Nbd2 Bb7 9. O-O d5 10. Qb3 Nc6 11. Rac1 Re8 12. Rfe1 Rc8 13. Bb5 Na5 
14. Qc2 c6 15. Bd3 c5 16. Nf1 Nc6 17. Qd2 f4 18. Bb5 fxe3 19. fxe3 a6 
20. Bxc6 Rxc6 21. Qf2 Rce6 22. h4 h6 23. N1h2 Re4 24. Nf1 Bf6 25. g3 Qd6 
26. Kh1 Bc8 27. Rc2 cxd4 28. exd4 Rxe1 29. Nxe1 Bf5 30. Re2 Rxe2 31. Qxe2 Be4+ 
32. Kg1 b5 33. Ng2 b4 34. Nge3 h5 35. Nd1 a5 36. Nf2 Bb1 37. Qe8+ Kg7 
38. Qa4 Qc7 39. Qb3 Be4 40. Nxe4 dxe4 41. Kf2 g5 42. hxg5 Bxg5 43. cxb4 Qb6 
44. Qd5 Qf6+ 45. Ke1 e3 46. Qe5 axb4 47. Ke2 Qxe5 48. dxe5 f5 49. exf6+ Bxf6 
50. b3 h4 51. gxh4 Bxh4 52. Nxe3 Kf7 53. Nd5 Ke6 54. Nxb4 Be7 55. Nc2 Kd5 
56. Kd3 Bd6 57. b4 Bf4 58. a4 Bg5 59. Ne3+ Kc6 60. Kd4 Kb6 61. Nd5+ Ka6 
62. Kc5 Bh4 63. Kc6 Be1 64. Nc7+ Ka7 65. b5 Ba5 66. Ne6 Bb6 67. Nc5 Bd8 
68. Nb7 Bb6 69. a5 Be3 70. Kc7 Bd2 71. a6 Bb4 72. Kc6 Bd2 73. Nd6 Be3 
74. Kc7 Bb6+ 75. Kd7 Bd4 76. Nc8+ Kb8 77. a7+ Kb7 78. b6 Bxb6 
1/2-1/2

[Event "34th Chess Olympiad (men)"]
[Site "Istanbul"]
[Date "2000.11.06"]
[Round "9.60.4"]
[White "Payet, Amelie"]
[Black "Hill, Christopher"]
[WhiteElo "2010"]
[BlackElo "2000"]
[WhiteCountry "SEY"]
[BlackCountry "JCI"]
[Result "1/2-1/2"]

1. d4 d5 2. c4 c6 3. Nc3 Nf6 4. Nf3 dxc4 5. e4 b5 6. e5 Nd5 7. Bd2 Nxc3 
8. bxc3 a6 9. Qb1 h6 10. Be2 e6 11. a4 Be7 12. O-O Qc7 13. axb5 cxb5 
14. Qe4 Bb7 15. Qg4 g6 16. Qh3 Bd5 
1/2-1/2

[Event "34th Chess Olympiad (men)"]
[Site "Istanbul"]
[Date "2000.11.06"]
[Round "9.61.1"]
[White "Allen, Daryl"]
[Black "Kast, Harry"]
[WhiteElo "2000"]
[BlackElo "2000"]
[WhiteCountry "ISV"]
[BlackCountry "BER"]
[Result "1/2-1/2"]

1. e4 c5 2. Nf3 d6 3. Bc4 e6 4. Nc3 a6 5. a4 Nf6 6. O-O Nc6 7. d4 cxd4 
8. Nxd4 Be7 9. Be3 Qc7 10. Qe2 Bd7 11. f4 Rc8 12. Nxc6 Bxc6 13. Bd3 h5 
14. h3 h4 15. f5 e5 16. a5 d5 17. Bb6 Qd6 18. Rad1 
1/2-1/2

[Event "34th Chess Olympiad (men)"]
[Site "Istanbul"]
[Date "2000.11.06"]
[Round "9.61.2"]
[White "Miller, Bobby"]
[Black "Carty, Leo"]
[WhiteElo "2000"]
[BlackElo "2000"]
[WhiteCountry "BER"]
[BlackCountry "ISV"]
[Result "1-0"]

1. e4 c5 2. Nf3 d6 3. d4 cxd4 4. Nxd4 g6 5. Bc4 Bg7 6. Be3 a6 7. O-O Nf6 
8. Nc3 O-O 9. f4 e6 10. f5 Nxe4 11. Nxe4 d5 12. fxg6 dxc4 13. gxh7+ Kh8 
14. c3 Qd5 15. Qc2 Nd7 16. Rad1 Qh5 17. Rf3 f5 18. Nxe6 Qf7 19. N4g5 Qe8 
20. Nxg7 
1-0

[Event "34th Chess Olympiad (men)"]
[Site "Istanbul"]
[Date "2000.11.06"]
[Round "9.61.3"]
[White "Jackson, Francis"]
[Black "Ebbin, Larry"]
[WhiteElo "2000"]
[BlackElo "2000"]
[WhiteCountry "ISV"]
[BlackCountry "BER"]
[Result "1/2-1/2"]

1. e4 e5 2. Nf3 Nc6 3. Bc4 Bc5 4. c3 a6 5. d4 exd4 6. cxd4 Be7 7. Be3 b5 
8. Be2 Nf6 9. Nbd2 O-O 10. h3 d5 11. Ng5 h6 12. e5 Ne8 13. Ngf3 Na5 14. Nb3 Nc4 
15. Bxc4 dxc4 16. Na5 Bf5 17. Nc6 Qd7 18. Nxe7+ Qxe7 19. O-O Bd3 20. Re1 c6 
21. a3 Nc7 22. Bd2 Qe6 23. Bb4 Rfd8 24. Ba5 Rd7 25. Bb6 Nd5 26. Bc5 Qg6 
27. Qd2 Re8 28. Rac1 Re6 29. b3 cxb3 30. Bd6 Bc2 31. Rxc2 bxc2 32. Rc1 Rdxd6 
33. exd6 Rxd6 34. Rxc2 a5 35. Ne5 Qh7 36. Nxc6 Nf4 37. Nxa5 Qe4 38. f3 Qxd4+ 
39. Qxd4 Rxd4 40. Rc8+ Kh7 41. Rc5 Ra4 42. Rxb5 Rxa3 43. Rf5 Kg6 44. Rxf4 Rxa5 
45. Kf2 f6 46. Kg3 
1/2-1/2

[Event "34th Chess Olympiad (men)"]
[Site "Istanbul"]
[Date "2000.11.06"]
[Round "9.61.4"]
[White "Simmons, Kennedy"]
[Black "Heywood, Julius"]
[WhiteElo "2000"]
[BlackElo "2000"]
[WhiteCountry "BER"]
[BlackCountry "ISV"]
[Result "0-1"]

1. e4 e5 2. Nf3 Nc6 3. Bc4 Nf6 4. d3 Be7 5. Nc3 d6 6. Be3 Bg4 7. Qd2 Qd7 
8. O-O-O O-O-O 9. Nd5 Nxd5 10. Bxd5 Nd4 11. Qa5 a6 12. Bxd4 exd4 13. Bxf7 Bxf3 
14. Qd5 Bxd1 15. Be6 Bg4 16. Bxd7+ Bxd7 17. f4 Bf6 18. f5 Bc6 19. Qa5 h6 
20. Kb1 d5 21. g4 dxe4 22. dxe4 Bxe4 23. a4 Bxh1 24. b4 Rhe8 25. b5 Rd5 
26. Qb4 axb5 27. axb5 Ree5 28. Qf8+ Kd7 29. Qf7+ Kc8 30. Qf8+ Rd8 31. Qb4 Ree8 
32. Qc4 Rd5 33. Qa4 Re7 34. Kb2 d3+ 35. c3 Re2+ 
0-1

[Event "34th Chess Olympiad (men)"]
[Site "Istanbul"]
[Date "2000.11.06"]
[Round "9.62.1"]
[White "Luga, Allan"]
[Black "Murasira, Albert"]
[WhiteElo "2000"]
[BlackElo "2000"]
[WhiteCountry "PNG"]
[BlackCountry "RWA"]
[Result "0-1"]

1. e4 e5 2. Nf3 Nc6 3. Bb5 Nge7 4. O-O g6 5. Nc3 Bg7 6. d3 a6 7. Ba4 b5 
8. Bb3 Na5 9. Bg5 Nxb3 10. axb3 Bb7 11. Rb1 O-O 12. Qd2 Qe8 13. Bh6 d6 
14. Bg5 f5 15. Bxe7 Qxe7 16. Nd5 Bxd5 17. exd5 f4 18. c4 g5 19. Rfe1 Qf6 
20. Qe2 g4 21. Nd2 f3 22. Qe4 h5 23. g3 Bh6 24. Nf1 Rf7 25. Ne3 Qg5 26. h4 gxh3 
27. Qh4 Qxh4 28. gxh4 Bxe3 29. Rxe3 Rg7+ 30. Kh2 Rg2+ 31. Kxh3 Rf8 
32. Rxf3 Rxf2 33. Rg1+ Kh7 34. Rxf8 Rxf8 35. Rg3 Rf2 36. Rg2 Rxg2 37. Kxg2 Kg6 
38. Kg3 b4 39. Kg2 Kf5 40. Kf3 a5 41. Kg3 e4 42. d4 e3 43. Kf3 e2 44. Kxe2 Kg4 
45. c5 Kxh4 46. Kf3 Kh3 47. cxd6 cxd6 48. Kf4 Kg2 49. Kg5 Kf3 50. Kxh5 Ke4 
51. Kg4 Kxd5 52. Kf3 Kxd4 53. Ke2 Ke4 54. Kd2 d5 55. Ke2 d4 56. Kd2 d3 
57. Ke1 Ke3 
0-1

[Event "34th Chess Olympiad (men)"]
[Site "Istanbul"]
[Date "2000.11.06"]
[Round "9.62.2"]
[White "Minani, Froduald"]
[Black "Press, Shaun"]
[WhiteElo "2000"]
[BlackElo "2000"]
[WhiteCountry "RWA"]
[BlackCountry "PNG"]
[Result "0-1"]

1. d4 Nf6 2. Nc3 d5 3. g3 e6 4. Bg5 h6 5. Bxf6 Qxf6 6. e4 Bb4 7. e5 Qe7 
8. Nf3 c5 9. Bg2 Nc6 10. O-O cxd4 11. Nb5 O-O 12. Nbxd4 Nxd4 13. Nxd4 Bd7 
14. c3 Ba5 15. Re1 a6 16. Re3 Rfc8 17. Rf3 Rc7 18. Rf4 Rf8 19. Bf1 f5 
20. exf6 Rxf6 21. Rxf6 Qxf6 22. Qf3 Bb6 23. Qxf6 gxf6 24. Nf3 Kf7 25. h4 Rc5 
26. Bh3 Rc8 27. Re1 Rg8 28. Kg2 Bc8 29. Rd1 Rd8 30. h5 Ba7 31. a4 Bd7 
32. b3 Bc6 33. Nd4 Bxd4 34. cxd4 a5 35. Bg4 Bd7 36. Rc1 Rc8 37. Rxc8 Bxc8 
38. f4 Ke7 39. Be2 Bd7 40. Kf3 Kd6 41. Ke3 e5 42. Bd1 Bf5 43. fxe5+ fxe5 
44. g4 Bh7 45. Be2 Ke6 46. Bb5 Bc2 47. Be8 Bd1 48. g5 hxg5 49. Bg6 Bxb3 
50. h6 exd4+ 51. Kxd4 Kf6 52. h7 Kg7 53. Bf5 b6 54. Ke5 Bxa4 55. Kxd5 Bb3+ 
56. Kc6 a4 57. Kxb6 a3 58. Bb1 a2 59. Bxa2 Bxa2 60. Kc5 Kxh7 61. Kd4 Kg6 
62. Ke3 Kh5 63. Kf3 Kh4 64. Kg2 Kg4 65. Kh2 Kf3 66. Kh3 g4+ 67. Kh2 Kf2 
68. Kh1 Bd5+ 
0-1

[Event "34th Chess Olympiad (men)"]
[Site "Istanbul"]
[Date "2000.11.06"]
[Round "9.62.3"]
[White "Albis, Jeppers"]
[Black "Mutabazi, Fidele"]
[WhiteElo "2000"]
[BlackElo "2000"]
[WhiteCountry "PNG"]
[BlackCountry "RWA"]
[Result "1-0"]

1. d4 Nf6 2. c4 e6 3. Nc3 b6 4. e4 Bb7 5. Bd3 d6 6. Nge2 Be7 7. O-O Nbd7 
8. f3 a6 9. b4 O-O 10. a4 c5 11. bxc5 dxc5 12. d5 exd5 13. cxd5 Ne5 14. Be3 Qd7 
15. Rb1 Qc7 16. Ng3 Bc8 17. Kh1 h6 18. f4 Nxd3 19. Qxd3 Nh7 20. d6 Qxd6 
21. Qxd6 Bxd6 22. Rxb6 Be7 23. Rfb1 g6 24. Nd5 Bh4 25. Bxc5 Rd8 26. Kg1 f5 
27. Rxg6+ Kf7 28. Rxh6 Bxg3 29. hxg3 fxe4 30. Nc7 Bf5 31. Nxa8 Rxa8 
32. Rb7+ Kg8 33. g4 Rc8 34. gxf5 Rxc5 35. Rhxh7 Rxf5 36. Rhe7 Kf8 37. Rec7 Kg8 
38. Rc8+ 
1-0

[Event "34th Chess Olympiad (men)"]
[Site "Istanbul"]
[Date "2000.11.06"]
[Round "9.62.4"]
[White "Uwihoreye, Charles"]
[Black "Marko, Helmut"]
[WhiteElo "2000"]
[BlackElo "2205"]
[WhiteCountry "RWA"]
[BlackCountry "PNG"]
[Result "0-1"]

1. d4 Nf6 2. c4 c5 3. Nf3 g6 4. Nc3 cxd4 5. Qxd4 Nc6 6. Qd1 Bg7 7. e4 d6 
8. Bg5 O-O 9. Be2 h6 10. Be3 Qa5 11. O-O Be6 12. a3 Ng4 13. b4 Nxe3 
14. fxe3 Nxb4 15. axb4 Qxb4 16. Nd5 Bxd5 17. Rb1 Qc5 18. exd5 Qxe3+ 19. Kh1 b6 
20. Rb3 Qc5 21. Qc2 a5 22. Rb5 Qc7 23. Qa4 Rfb8 24. Rd1 e5 25. dxe6 fxe6 
26. Ng1 Rc8 27. Rc1 Rab8 28. Qc2 g5 29. Bg4 Re8 30. Qg6 Qe7 31. Re1 e5 
32. Qe4 a4 33. Ra1 Ra8 34. Bf5 a3 35. Qd5+ Kh8 36. Ra2 Qc7 37. Be4 Ra4 
38. Bd3 e4 39. Bf1 Bb2 40. Nh3 Ra7 41. Rbxb2 axb2 42. Rxb2 e3 43. Be2 Qc5 
44. Qd3 Ra1+ 45. Ng1 Re6 46. Rb5 Qc7 47. Rd5 Ra5 48. Qc3+ Qg7 49. Qxg7+ Kxg7 
50. Rd1 Kf6 51. h3 Ke7 52. Nf3 Ra2 53. Re1 Kf6 54. Nd4 Re4 55. Nb5 Ke7 
56. Nc3 Rxe2 57. Rxe2 Rxc4 58. Rxe3+ Kd7 59. Nd5 Kc6 60. Ne7+ Kc5 61. Nf5 b5 
62. Rb3 b4 63. Kg1 Rc3 64. Rb2 d5 65. Kf2 b3 66. Ke1 d4 67. Kd2 Kc4 
68. Nd6+ Kb4 69. Ne4 Re3 70. Nf2 Ka3 71. Rb1 Ka2 72. Rd1 b2 73. Nd3 b1=Q 
74. Rxb1 Kxb1 75. Nb4 Rg3 76. Nc6 Rxg2+ 77. Kd3 Rg3+ 78. Kxd4 Rxh3 79. Ke4 Kc1 
80. Ne5 Kd1 81. Ng4 Rh4 82. Kf3 Rxg4 83. Kxg4 Ke2 84. Kh5 Kf3 
0-1